000 00483nam a2200193Ia 4500
005 20240823043236.0
008 240823s9999||||xx |||||||||||||| ||und||
020 _a81-224-0617
041 _aENGLISH
082 _A620
100 _aRajesh R. et al.
245 0 _aEngineering Mechanics
250 _a1st
260 _bNoorul Islam Centre for Higher Education Department of Mecha
500 _aTRANSFERED
650 _aMechanics
_bMechanical
942 _cBK
999 _c209770
_d209770